[Event "Minsk"]
[Site "Minsk"]
[Date "1993.??.??"]
[Round "?"]
[White "Shipov, Sergei"]
[Black "Mochalov, Evgeny Veniaminovic"]
[Result "1-0"]
[WhiteElo "2490"]
[BlackElo "2445"]
[Annotator "Dautov,R"]
[PlyCount "67"]
[EventDate "1993.03.??"]
[EventType "tourn"]
[EventRounds "11"]
[EventCountry "BLR"]
[EventCategory "9"]
[SourceTitle "CBM 036"]
[Source "ChessBase"]
[SourceDate "1993.10.01"]
[SourceVersion "1"]
[SourceVersionDate "1993.10.01"]
[SourceQuality "1"]

1. d4 Nf6 2. c4 e6 3. Nf3 d5 4. g3 Bb4+ 5. Bd2 a5 6. Qc2 (6. a3 Be7 7. Qc2 c6
8. Bg2 O-O 9. O-O Nbd7 10. Bf4 Nh5 11. Bc1 b6 12. Nbd2 Bb7 13. e4 c5 14. cxd5
exd5 15. e5 g6 16. Re1 Ng7 17. Nf1 Re8 18. h4 cxd4 $132 {Abramovic-Makarov/
Podgorica/1993}) (6. Bg2 c6 7. O-O O-O 8. Bg5 Be7 9. Nc3 b6 10. Ne5 Ba6 {/\Bxc4
} 11. cxd5 cxd5 12. Re1 Ra7 13. Rc1 b5 $1 14. e3 Qb6 15. Qb3 Rb7 16. Bf1 a4 17.
Qd1 a3 $10 {Yusupov-Salov/URS-ch/1988}) 6... c6 $5 7. Bg2 b6 8. O-O O-O 9. Bg5
(9. Bf4 Ba6 10. c5 (10. Nbd2 $1 Nbd7 11. Rfd1 {/\e4}) 10... a4 11. Bd6 Re8 12.
Qxa4 bxc5 13. dxc5 Qa5 14. Qxa5 Bxa5 $44 {Krasenkov-Moldobaev/Blagovescensk/
1988}) 9... Be7 (9... Ba6 $6 10. c5 a4 11. cxb6 $16) 10. Nbd2 Ba6 11. Rfe1 Nbd7
12. e4 Rc8 (12... dxe4 13. Nxe4 Nxe4 14. Bxe7 Qxe7 15. Rxe4 $14) 13. Rad1 $1 (
13. e5 Ne8 14. Bxe7 Qxe7 15. Rac1 Nc7 $132 {/\c5}) (13. Rac1 dxc4 14. Nxc4 c5
15. e5 Nd5 16. Bxe7 Qxe7 17. Nd6 Rc7 $14) 13... h6 (13... c5 14. e5 Ne8 15.
Bxe7 Qxe7 16. cxd5 exd5 17. Qf5 $14) 14. Bf4 g5 $6 15. Be3 $6 (15. Be5 $1 Nxe4
(15... g4 16. Nh4 (16. Bxf6 Bxf6 17. Ne5 Bxe5 18. dxe5 dxc4 19. f4 gxf3 20.
Nxf3 $44) 16... Nxe5 17. dxe5 Ne8 18. exd5 cxd5 (18... Bxh4 19. dxc6 Bg5 20.
Ne4 Qe7 21. Qe2 $36) 19. Ng6 $1 fxg6 20. Qxg6+ Ng7 21. cxd5 exd5 22. Nb3 $40)
16. Nxe4 dxe4 17. Rxe4 f6 18. Rh4 $1 Rf7 (18... gxh4 19. Qg6+ Kh8 20. Qxh6+ Kg8
21. Qg6+ Kh8 22. Ng5 $18) 19. Rxh6 Rg7 20. Nxg5 Rxg5 21. Qh7+ Kf8 22. Bf4 Rg7
23. Qe4 Kf7 24. d5 $40) 15... Nxe4 16. Nxe4 dxe4 17. Ne5 f5 18. Ng6 Rf6 $6 (
18... Rf7 $1 19. Nxe7+ (19. f3 $6 Bb4 20. fxe4 Bxe1 21. Rxe1 Qf6 $17) 19...
Qxe7 $15 20. f3 $2 f4 21. gxf4 gxf4 22. Bc1 e3 $17) 19. Nxe7+ Qxe7 20. f3 exf3
(20... f4 21. gxf4 gxf4 22. Bf2 e3 23. Bh4 Qh7 (23... Qg7 24. Bxf6 Nxf6 25. Kh1
Kh8 26. Rg1 $16) 24. Qxh7+ Kxh7 25. Bxf6 Nxf6 26. b3 Kg7 27. Bh3 Kf7 $14) 21.
Bxf3 Qf7 22. b3 $44 {/\Bc1-b2} e5 $2 (22... b5 23. Bd2 bxc4 24. bxc4 Nb6 25.
Be2 f4 $13) 23. dxe5 Nxe5 24. Bg2 $16 Nd7 25. Bd4 Rd6 (25... Re6 26. Rf1 Rf8
27. Bh3 $16) 26. Bb2 Rxd1 27. Qxd1 $1 {/\Qd4,b6} Nc5 28. Qd6 Re8 29. Rf1 Re2 $2
(29... Kh7 30. Qxc6 (30. Bxc6 Re6 31. Qd5 f4) (30. Bh3 f4) 30... Bb7 (30... Re6
31. Qf3 $16) 31. Qxb6 Bxg2 32. Kxg2 $16) 30. Qd4 Kh7 31. Rxf5 $1 $18 Re1+ 32.
Bf1 Qe7 (32... Qg8 33. Qf2 Re7 34. Rxc5 $18) 33. Qh8+ Kg6 34. Rf6+ 1-0

[Event "Helsinki op"]
[Site "Helsinki"]
[Date "1992.??.??"]
[Round "6"]
[White "Romanishin, Oleg M"]
[Black "Lputian, Smbat G"]
[Result "1-0"]
[WhiteElo "2555"]
[BlackElo "2585"]
[Annotator "Dautov,R"]
[PlyCount "75"]
[EventDate "1992.09.??"]
[EventType "swiss"]
[EventRounds "9"]
[EventCountry "FIN"]
[SourceTitle "CBM 032"]
[Source "ChessBase"]
[SourceDate "1993.02.01"]
[SourceVersion "1"]
[SourceVersionDate "1993.02.01"]
[SourceQuality "1"]

1. d4 {Hansen,Cu} d5 2. c4 e6 3. Nf3 Nf6 4. g3 Bb4+ 5. Bd2 Be7 6. Bg2 O-O 7.
O-O Nbd7 8. Qb3 Nb6 (8... c6 9. Rc1 Qb6 (9... Ne4 10. Bb4 Bxb4 11. Qxb4 a5 12.
Qa3 b5 13. Ne5 Nxe5 14. dxe5 f5 $13 {Ljubojevic,L-Yusupov,A Rotterdam 1989})
10. Qc2 c5 11. dxc5 Bxc5 12. e3 dxc4 13. Na3 Nd5 14. Nxc4 Qc7 15. Ng5 g6 16.
Qe4 N7f6 17. Qh4 Qe7 18. Qh6 $16 {Romanishin,O-Tal,M Barselona 1992}) (8... c6
9. Nc3 Nb6 10. c5 Nbd7 (10... Nc4 11. Bf4 b6 12. cxb6 axb6 13. Qc2 Bb7 14. b3
Nd6 15. Na4 $10 {Conquest,S-Ribli,Z BRD 1986/87}) 11. Qc2 b6 12. b4 a5 13. a3
Ba6 14. Rfe1 Bc4 15. h3 Qc8 16. Bf4 Qa6 17. Rab1 Ra7 18. g4 $14 {Horvath,
Jo-Atalik,S Budapest Cansys 1991}) (8... c6 {Hansen,Cu}) 9. c5 {N} (9. cxd5
exd5 10. Ne5 c6 11. Nc3 Bf5 12. a4 a5 13. Rad1 Bb4 (13... Ra7 $10) 14. Bf4 Nfd7
15. Nd3 Qe7 16. Rfe1 Rfe8 17. Kh1 h5 18. f3 $14 {Nikolic,P-Eingorn,V Zagreb
(izt) 1987}) 9... Nc4 10. Qc2 (10. Bf4 {Hansen,Cu} b6 $15) 10... b6 (10... Nxd2
{Hansen,Cu} 11. Nbxd2 $14) 11. Be1 {פc4} bxc5 12. dxc5 Nd7 (12... Ne4 $142 13.
b3 (13. Nd4 Bf6 $1 14. e3 Ba6 $17) 13... Bf6 14. Nc3 Na3 15. Qc1 a5 (15... Qe7
16. b4 Nc4 17. Rb1 Nxc3 18. Bxc3 Bxc3 19. Qxc3 a5 20. b5 $1 Qxc5 21. Ne5 $16)
16. Qxa3 (16. Nxe4 $5 dxe4 17. Ng5 (17. Nd2 Bxa1 18. Nxe4 Ba6 $1 $17) 17...
Bxg5 $1 18. Qxa3 Ba6) 16... Nxc3 17. Bxc3 Bxc3 18. Rac1 Qf6 19. Rc2 c6 20. Qc1
Be5 $10) (12... Bxc5 $4 {Hansen,Cu} 13. b3 $18) 13. b3 Nce5 14. Nxe5 Nxe5 15.
Bc3 Bf6 (15... Nc6 $5 {Hansen,Cu /\a7-a5 + Bc8-a6}) 16. Qb2 Ng4 $2 (16... Nc6
$1 {/\Rb8<=>}) 17. h3 Bxc3 18. Nxc3 Nf6 19. c6 $1 $16 a5 (19... e5 $2 20. Nxd5
Nxd5 21. Rfd1 $16) 20. Rfd1 Qe8 21. Rac1 Ra6 (21... Ba6 22. e4 $16) 22. e4 dxe4
(22... Rxc6 23. exd5 exd5 24. Nxd5 Nxd5 25. Rxd5 Rxc1+ 26. Qxc1 a4 27. b4 Be6
28. Rd2 $16) 23. Nxe4 Nxe4 (23... Nd5 $5 {Hansen,Cu} 24. Qd2 $14) 24. Bxe4 f5
25. Bg2 e5 26. Rd5 $1 e4 27. Re5 Qg6 (27... Qd8 28. Bf1 Ra8 29. Qa3 $16) (27...
Qf7 $2 {Hansen,Cu} 28. Bf1 {/\Bxa6/Bc4}) 28. Re7 Rf7 29. Re8+ Rf8 30. Rxf8+
Kxf8 31. Rd1 Be6 (31... Ke8 {Hansen,Cu} 32. Qe5+) 32. Qa3+ Ke8 (32... Kf7 {
Hansen,Cu} 33. Rd8) 33. Qc5 $40 Qf6 (33... f4 34. gxf4 Bxh3 35. Qe5+ Kf7 36.
Rd7+ Bxd7 37. cxd7 Ra8 38. Qd5+ $18) 34. Bf1 Ra8 35. Rd7 $1 Rc8 (35... Bxd7 36.
cxd7+ Kd8 (36... Kxd7 {Hansen,Cu} 37. Qd5+ $18) 37. Qd5 Ra7 (37... c6 {Hansen,
Cu} 38. Qg8+ $18) 38. Bb5 Qf8 (38... c6 39. Bxc6 Kc7 (39... Qf8 {Hansen,Cu} 40.
Qe5 $16) 40. Qc5 $18) 39. Qe6 (39. Qe5 {Hansen,Cu}) 39... c6 40. Bxc6 Kc7 41.
Qe8 $18) 36. Ba6 Bxd7 (36... Rd8 37. Rxc7 Rd1+ 38. Bf1 f4 39. Rb7 fxg3 40. Qh5+
$18) 37. cxd7+ Kxd7 38. Qd5+ 1-0

[Event "Olympiad-34"]
[Site "Istanbul"]
[Date "2000.10.28"]
[Round "1.3"]
[White "Dautov, Rustem"]
[Black "Patriarca, Luis"]
[Result "1-0"]
[WhiteElo "2606"]
[BlackElo "2307"]
[Annotator "Dautov,R"]
[PlyCount "49"]
[EventDate "2000.10.28"]
[EventType "team-swiss"]
[EventRounds "14"]
[EventCountry "TUR"]
[SourceTitle "EXT 2001"]
[Source "ChessBase"]
[SourceDate "2000.11.22"]
[SourceVersion "1"]
[SourceVersionDate "2000.11.22"]
[SourceQuality "1"]
[WhiteTeam "Germany"]
[BlackTeam "Paraguay"]
[WhiteTeamCountry "GER"]
[BlackTeamCountry "PAR"]

1. d4 Nf6 2. c4 e6 3. Nf3 Bb4+ 4. Bd2 a5 5. g3 Nc6 6. Bg2 O-O {Eine selten
gespielte Variante. Wie in vielen anderen Abspielen des Bogo-Indisch will
Schwarz die "schwarzfeldrige" Strategie verfolgen.} 7. O-O Bxd2 8. Qxd2 d6 9.
Rd1 $1 {Die beste Reaktion. Weiß nutzt die Tatsache, daß der Gegner ein Tempo
an a7-a5 verschwendet hat und erschwert ihm die Durchsetzung von e6-e5.} (9.
Nc3 e5 10. d5 (10. dxe5 dxe5 11. Nd5 Bg4 $11) 10... Nb8 11. Ne1 Na6 {führt zu
einem bequemen Spiel für Schwarz, z.B.,} 12. Nd3 Re8 13. e4 Nd7 14. Rae1 c6 15.
f4 Nb4 16. Kh1 Qb6 17. Nf2 Qd4 $36 {Gavrilov,A-Arbakov,V/Moscow 1988}) 9... Qe7
(9... Bd7 $5) 10. Nc3 $14 Bd7 {Auch bei anderen Fortsetzungen hat Schwarz
Schwierigkeiten.} (10... e5 11. dxe5 dxe5 (11... Nxe5 12. Nd5 Nxd5 13. cxd5 $14
) 12. Nd5 Nxd5 13. cxd5 Nb8 14. Rac1 f6 15. Qc3 c6 16. Nd2 Bf5 17. Nc4 Qb4 18.
Qxb4 axb4 19. Nd6 Bc8 20. Rc4 Rxa2 21. Rxb4 $16 {Farago,I-Peschel,A/Regensburg
1996}) (10... Re8 11. Rac1 h6 12. h3 Nb8 13. e4 e5 14. dxe5 dxe5 15. Nd5 Nxd5
16. cxd5 c6 17. Qc3 Bd7 18. Nd2 b5 19. Nb3 b4 20. Qe3 cxd5 21. exd5 Qd6 22. Nd2
$16 {Farago,I-Dizdarevic,E/Ljubljana 1992}) 11. Rac1 {Nimmt vorsorglich den
Bauern c7 ins Visier.} Rfc8 12. e4 e5 {Schwarz kann nicht länger warten, es
drohte bereits 13.e4-e5.} (12... Be8 13. e5 dxe5 14. dxe5 (14. Nxe5 $14) 14...
Nd7 (14... Ng4 $2 15. Qf4 $16) 15. Qf4 $14) 13. Nd5 Nxd5 14. cxd5 Nxd4 (14...
Nb8 $2 15. dxe5 dxe5 16. Rxc7 $1 Rxc7 17. d6 Qd8 18. dxc7 Qxc7 19. Bh3 Be8 20.
Qd8 $18) 15. Nxd4 exd4 16. Qxd4 {Weiß hat sein Ziel erreicht, der rückständige
Bauer c7 ist schwach.} a4 {Mit der Idee, durch b6, Ra5-c5 die weiße Kontrolle
über die c-Linie streitig zu machen. Dennoch dauert dieser Plan zu lange und
Weiß kann das Zentrum aufbrechen.} 17. f4 f6 18. Qb4 $1 b6 $2 ({Wesentlich
besser war} 18... Ra6 $1 $14 {mit der Idee} 19. Qxb7 $2 (19. Rc2 $14) 19... Rb6
20. Qa7 Rxb2 21. Rxc7 $4 Rxc7 22. Qxc7 Rxg2+ $19) 19. Re1 Qf8 $6 (19... Qe8
$142 20. e5 fxe5 21. fxe5 dxe5 22. Qc3 Qf8 23. Rxe5 $14) 20. e5 $1 $16 dxe5 21.
Qxf8+ {Eine einfache Lösung, das entstehende Endspiel ist sehr schwer für
Schwarz.} ({Auch die andere Möglichkeit war sehr verlockend:} 21. d6 $1 Qxd6 (
21... cxd6 22. Bd5+ Kh8 23. Bxa8 Rxa8 24. Rcd1 $16) (21... Ra5 22. Bb7 Rb8 23.
Rxc7 $16) (21... Ra7 22. fxe5 fxe5 23. Bd5+ Kh8 24. Rf1 Qe8 25. dxc7 $16) 22.
Qxd6 cxd6 23. Bxa8 Rxa8 24. Rcd1 $16) 21... Kxf8 22. fxe5 fxe5 23. Rxe5 Bb5 $2
{Das verliert sofort. Um das drohende Eindringen der weißen Türme zu
verhindern mußte Schwarz bereits einen Bauern opfern.} (23... a3 24. bxa3 Rxa3
25. Rf1+ Kg8 26. Re7 Bb5 27. Rff7 $18) (23... Re8 $142 24. Rxe8+ Rxe8 25. Rxc7
Bb5 26. Bf3 Re3 27. Kf2 Rd3 $16) 24. d6 $18 c6 25. d7 (25. d7 Rd8 26. Rxb5 cxb5
27. Bxa8 $18) 1-0

[Event "Moscow Alekhine op"]
[Site "Moscow"]
[Date "1992.??.??"]
[Round "?"]
[White "Akopian, Vladimir Eduardovic"]
[Black "Smyslov, Vassily V"]
[Result "1/2-1/2"]
[WhiteElo "2600"]
[BlackElo "2530"]
[Annotator "Dautov,R"]
[PlyCount "86"]
[EventDate "1992.10.??"]
[EventType "swiss"]
[EventRounds "9"]
[EventCountry "RUS"]
[SourceTitle "CBM 033"]
[Source "ChessBase"]
[SourceDate "1993.04.01"]
[SourceVersion "1"]
[SourceVersionDate "1993.04.01"]
[SourceQuality "1"]

1. d4 Nf6 2. c4 e6 3. Nf3 Bb4+ 4. Bd2 a5 5. g3 d5 6. Bg2 dxc4 7. Qc2 Nc6 8.
Qxc4 Qd5 9. Qd3 O-O (9... Qe4 10. Qxe4 Nxe4 11. a3 $14) 10. Nc3 Qh5 11. a3 Bxc3
(11... Bd6 12. e4 Rd8 13. Qc4 e5 14. d5 Na7 15. h3 Ne8 16. g4 Qg6 17. Nh4 Qf6
18. Nf5 $16 {de Boer,G-J-van der Wiel,J Arnehm/Amsterdam 1983}) 12. Bxc3 (12.
bxc3 $5 e5 13. e4 $14) 12... Rd8 13. Qc2 Qf5 $1 (13... Nd5 14. Rd1 f5 15. Bd2
h6 16. e3 Bd7 17. O-O Rac8 18. Nh4 $14 {/\Nf5 Martin,G-Helmsen,F
Germania-Romania m corr 1989/92}) 14. Rc1 (14. Qxf5 exf5 15. O-O Be6 16. Rac1
Bd5 $10) 14... Qxc2 15. Rxc2 Bd7 16. O-O Ne7 17. Ne5 (17. Bd2 $5 Bc6 (17...
Ned5 18. Ne5 $14) 18. Bg5 h6 19. Bxf6 gxf6 20. Re1 f5 $10) 17... Ba4 18. Rcc1
Nfd5 19. Bd2 Nc6 20. Nxc6 Bxc6 21. Rc5 a4 22. Rfc1 (22. e3 $5 Ne7 23. f3 $14 {
^^}) 22... Ne7 23. Bxc6 Nxc6 24. e3 f6 25. Rb5 Ra7 26. Rc4 Kf7 {/\Ke7-d7} 27.
Bb4 $1 Rc8 $1 $8 (27... Rd7 $2 28. Bc5 b6 29. Bxb6 $18) 28. Bc3 (28. Bc5 b6 29.
Bb4 Nxb4 30. Rbxb4 Rca8 31. f3 Ke7 32. e4 Kd6 $10) 28... Nb8 $1 $8 (28... Ke7
29. e4 Kd7 30. d5 exd5 31. Rxd5+ Ke6 32. f4 $16) (28... Ne7 $6 29. Rbb4 $16)
29. d5 (29. Rbb4 Na6) (29. Ra5 $5 Rxa5 30. Bxa5 Na6 (30... Nc6 $2 31. Bc3 Ra8
32. e4 $16) 31. e4 (31. Bc3 b5 32. Rc6 Nb8 33. Rc5 c6 $10) 31... Rd8 $1 32. Bc3
b5 33. Rc6 Rd6 $10) (29. e4 $1 c6 30. d5 exd5 31. exd5 Rd8 32. dxc6 Nxc6 33.
Kg2 $14) 29... exd5 30. Rxd5 c6 31. g4 (31. Bd4 $5 Ra8 (31... Ra6 $2 32. Rb5
Rc7 33. Rbb4 $16) 32. Rb5 Rc7 33. Rbb4 (33. Bb6 Rc8 34. Rbb4 Nd7) 33... Na6 34.
Rb6 Nb8 (34... c5 $6 35. Bc3 Nb8 36. Rbb4 $1 Na6 37. Rb5 $16) 35. Rcb4 Ra7 $13
{/\Nd7}) 31... Re8 32. Rdd4 b5 33. Rc5 Re6 $10 34. Rf5 Rd7 35. Rff4 c5 36.
Rxd7+ Nxd7 37. g5 Ne5 38. gxf6 gxf6 39. Kf1 Nd3 40. Rh4 Kg6 41. Rg4+ Kf5 42.
Rh4 Kg6 43. Rg4+ Kf5 1/2-1/2

[Event "Vidmar Memorial"]
[Site "Portoroz"]
[Date "1993.??.??"]
[Round "?"]
[White "Sokolov, Ivan"]
[Black "Skembris, Spyridon"]
[Result "1-0"]
[WhiteElo "2640"]
[BlackElo "2545"]
[Annotator "Dautov,R"]
[PlyCount "99"]
[EventDate "1993.06.??"]
[EventType "tourn"]
[EventRounds "11"]
[EventCountry "SLO"]
[EventCategory "12"]
[SourceTitle "CBM 037"]
[Source "ChessBase"]
[SourceDate "1993.12.01"]
[SourceVersion "1"]
[SourceVersionDate "1993.12.01"]
[SourceQuality "1"]

1. d4 Nf6 2. c4 e6 3. Nf3 Bb4+ 4. Bd2 a5 5. Nc3 O-O (5... b6 6. Bg5 Bb7) 6. Bg5
d5 7. e3 Nbd7 (7... h6 8. Bh4 Re8 9. Rc1 Nbd7 10. Bd3 c6 11. O-O $14 {
Schuessler-Rantanen/Helsinki/1983}) 8. cxd5 exd5 9. Bd3 Re8 10. O-O c6 11. Qc2
g6 (11... Nf8 $6 12. Ne5 Be7 13. f4 Ng4 14. Bxe7 Qxe7 15. Rae1 f6 16. Nxg4 Bxg4
17. f5 Rad8 18. Qf2 Bh5 19. a3 $14) (11... h6 12. Bh4 Bd6 13. Rae1 $14) (11...
Be7 12. Rae1 (12. h3 Nf8 13. Ne5 N6d7 14. Bxe7 Qxe7 15. Nxd7 Bxd7 $10) 12... h6
13. Bf4 $14 Nh5 $2 14. Nxd5 $1 $18) 12. h3 $14 Be7 13. Bf4 $1 (13. Rae1 Nh5 14.
Bxe7 Rxe7 $13) 13... Nf8 14. Ne5 Nh5 (14... Ne6 15. Bh2 (15. Bh6 $5) 15... Ng7
16. g4 $1 h5 17. f3 $36) 15. Bh2 Bd6 16. Rae1 f6 17. Ng4 Bxh2+ 18. Kxh2 $5 (18.
Nxh2 Be6 (18... f5 19. Na4 $14) 19. g4 Ng7 20. f4 Bf7 21. Qf2 $14 {/\f5}) 18...
Qd6+ 19. Kg1 Kg7 (19... Ng7 $4 20. Nh6+ Kh8 21. Nf7+ $18) (19... Bd7 20. f4 $36
Ng3 $2 21. Rf3 $16) 20. Nh2 (20. f4 $6 Ng3 21. Rf3 Nf5 $1 (21... Ne4 22. Bxe4
dxe4 23. Rff1 (23. Nxe4 $4 Rxe4 24. Qxe4 Bf5 $19) 23... Qe7 24. Nf2 f5 $13) 22.
Qf2 Bd7 23. Nh2 Qe7 24. Re2 $10) 20... f5 (20... Kg8 21. g4 Ng7 22. f4 $14) 21.
Na4 $1 (21. Nf3 Nd7) (21. f4 Ng3 22. Rf3 Ne4) 21... Be6 (21... Nf6 22. f4 $14 {
/\Nf3-e5}) 22. Nf3 Nd7 23. Nc5 b6 $2 (23... Nxc5 {>=} 24. dxc5 Qe7 25. Nd4 Nf6
$14) 24. Nxd7 Bxd7 25. Ne5 $16 Re6 $6 (25... Rac8 26. Rc1 Nf6 $16 {>=}) 26. Rc1
Be8 27. f4 {/\g4} Ng3 28. Rf3 Ne4 29. Bxe4 fxe4 (29... dxe4 30. Rf2 $16 {
/\Qb3,/\g4->}) 30. Rf2 Rc8 (30... Rf6 $142 31. g4 Rc8 32. f5 $16) 31. f5 $1 $40
gxf5 32. Rxf5 Bg6 33. Rf4 c5 34. Qc3 Kg8 35. Rcf1 c4 36. Qe1 (36. a3 $5 $16)
36... Rxe5 $6 (36... b5 37. Qxa5 b4 38. Ng4 $16 {><d5}) 37. dxe5 Qxe5 38. Qf2
$18 Qg7 39. Rf6 d4 (39... b5 40. Qd2 $18) 40. exd4 Re8 41. Qe3 b5 42. d5 b4 43.
d6 Rc8 44. Qd4 Qd7 45. Qd5+ Kg7 46. Re6 Qa7+ 47. Kh2 Kh6 48. Rf4 Qe3 49. Rh4+
Kg7 50. Qe5+ 1-0

[Event "Vidmar Memorial"]
[Site "Portoroz"]
[Date "1993.??.??"]
[Round "?"]
[White "Farago, Ivan"]
[Black "Gostisa, Leon F"]
[Result "1-0"]
[WhiteElo "2510"]
[BlackElo "2470"]
[Annotator "Dautov,R"]
[PlyCount "89"]
[EventDate "1993.06.??"]
[EventType "tourn"]
[EventRounds "11"]
[EventCountry "SLO"]
[EventCategory "12"]
[SourceTitle "CBM 037"]
[Source "ChessBase"]
[SourceDate "1993.12.01"]
[SourceVersion "1"]
[SourceVersionDate "1993.12.01"]
[SourceQuality "1"]

1. d4 Nf6 2. c4 e6 3. Nf3 Bb4+ 4. Bd2 c5 5. Bxb4 cxb4 6. g3 O-O 7. Bg2 d6 8.
O-O Re8 9. Qb3 $1 (9. a3 Nc6 10. Nbd2 a5) (9. Nbd2) 9... Nc6 (9... a5 10. a3
Nc6 (10... bxa3 11. bxa3 $1 $14) (10... Na6 11. Nbd2 $14) 11. d5 exd5 12. cxd5
Ne7 (12... a4 13. Qd3 Ne7 14. e4 bxa3 15. Nxa3 $16) 13. Nd4 (13. axb4 $5 Nexd5
14. bxa5 Rxe2 15. Nc3 Nxc3 16. Qxc3 $14) 13... a4 (13... Qb6 14. e3 a4 15. Qxb4
Qxb4 16. axb4 Nexd5 17. Nc3 Nxb4 18. Nxa4 $16) 14. Qxb4 (14. Qc4 $5) 14...
Nexd5 15. Qc4 $14) 10. d5 $1 {N} (10. Nbd2 Qb6 (10... a5 $142 $13) 11. e3 Na5
12. Qd3 Bd7 13. Rfc1 e5 14. c5 Qd8 15. e4 exd4 16. cxd6 Bg4 17. Qxd4 Nc6 18.
Rxc6 bxc6 19. e5 Bxf3 20. Bxf3 Nd7 21. Nc4 $16 {Brenninkmeijer-Klaren/NLD-ch/
1992}) 10... Na5 (10... exd5 {>=} 11. cxd5 Ne7 12. Qxb4 (12. Nd4 Qb6 13. Rd1
Qc5 $13) 12... Nexd5 13. Qd2 Qb6 14. Na3 $14) 11. Qxb4 exd5 12. cxd5 Nxd5 (
12... Rxe2 $6 13. Nc3 Re7 14. Nd4 $16 {פa5}) 13. Qd2 Nf6 $6 (13... Be6 {>=}
14. Na3 (14. Nd4 Nc4 15. Nxe6 fxe6 16. Qd4 Ncb6 $14 17. e4 e5 $1 18. Qd2 Nf6
$13) 14... Qb6 15. Nd4 Nf6 16. e3 $14) 14. Nc3 Nc4 15. Qd4 d5 (15... Nxb2 $4
16. Rab1 $18) 16. b3 Na5 17. Rfd1 Nc6 (17... Be6 $142) 18. Qc5 Be6 19. Nd4 Rc8
20. Nxc6 Rxc6 21. Qd4 $16 Qe7 (21... Qa5 22. Nxd5 Nxd5 23. Bxd5 Rd6 24. e4 Bxd5
25. exd5 Red8 26. Rac1 Qxa2 27. Qb4 Qa6 (27... R6d7 28. d6 Qa6 29. Rd5 $16) 28.
Rc7 $16) 22. e3 {/\Nd5} Rc5 (22... Rd8 23. e4 $16) 23. Na4 $1 Ra5 24. Rdc1 b6
25. Nc3 $1 {/\b4} Rc5 (25... Rc8 26. b4 Rc4 (26... Ra3 27. Nxd5 Rxc1+ 28. Rxc1
$16) 27. bxa5 (27. Qxc4 dxc4 28. bxa5 bxa5 29. Rab1 $14) 27... Rxd4 28. exd4
bxa5 29. Rab1 h6 30. Rb3 $16) 26. b4 Rc4 (26... Rcc8 27. Nxd5 (27. a3 Red8 28.
Bf1 $16) 27... Nxd5 28. Bxd5 Bxd5 29. Qxd5 Qxb4 30. Qd7 Rcd8 31. Qxa7 Rd2 32.
Rd1 $16) 27. Nxd5 Rxc1+ 28. Rxc1 Bxd5 29. Bxd5 Nxd5 30. Qxd5 Rd8 31. Qc4 h6 32.
a3 Qe5 (32... Rd2 33. Qc8+ Kh7 34. Qf5+ g6 35. Qf4 $16) (32... Qf6 33. Qe4 Qb2
34. Rc7 Qxa3 35. Qe7 $16) 33. Qa6 Rd2 34. Qb7 (34. Qxa7 Rxf2 $1) 34... Qf6 (
34... g6 35. Qc8+ Kh7 (35... Kg7 36. Qc3 $16) 36. Qc4 Qf6 37. Qf4 Qxf4 38. gxf4
Rd7 $16) 35. Rf1 a5 36. bxa5 bxa5 37. Qa8+ Qd8 38. Qxd8+ Rxd8 39. Rc1 Rd3 40.
a4 Ra3 41. Rc4 g6 (41... h5 42. Rc5 Rxa4 43. Rxh5 $16) 42. g4 $1 Kg7 43. Kg2 g5
(43... Kf6 44. h4 Ke6 45. g5 hxg5 46. hxg5 $16) 44. h4 Kf6 45. Rc6+ (45. Rc6+
Kg7 46. hxg5 hxg5 47. Rc5 Rxa4 48. Rxg5+ Kf6 49. Rf5+ Ke6 50. Kg3 $18) 1-0

[Event "Vidmar Memorial"]
[Site "Portoroz"]
[Date "1993.??.??"]
[Round "?"]
[White "Mikhalchishin, Adrian"]
[Black "Gostisa, Leon F"]
[Result "1-0"]
[WhiteElo "2520"]
[BlackElo "2470"]
[Annotator "Dautov,R"]
[PlyCount "55"]
[EventDate "1993.06.??"]
[EventType "tourn"]
[EventRounds "11"]
[EventCountry "SLO"]
[EventCategory "12"]
[SourceTitle "CBM 037"]
[Source "ChessBase"]
[SourceDate "1993.12.01"]
[SourceVersion "1"]
[SourceVersionDate "1993.12.01"]
[SourceQuality "1"]

1. d4 Nf6 2. c4 e6 3. Nf3 Bb4+ 4. Nbd2 O-O 5. a3 Bxd2+ 6. Bxd2 d6 (6... b6 $142
) 7. Bg5 Nbd7 8. e3 Qe7 (8... h6 9. Bh4 Qe7 10. Be2 e5 11. Qc2 Re8 12. O-O Nf8
13. dxe5 dxe5 14. Bg3 Ng6 15. Nd2 Bd7 16. c5 Bc6 17. b4 a6 18. h3 Rad8 19. Rfd1
Nd5 20. Bc4 Kh8 21. Nf3 Nf6 22. Rxd8 Rxd8 23. Rd1 Bxf3 24. Rxd8+ Qxd8 25. gxf3
$14 {Bareev-Gostisa/Bled/Rogaska Slatina/1991}) 9. Be2 Re8 (9... e5 10. O-O
exd4 $6 11. exd4 h6 12. Bh4 Nb6 13. Re1 Bg4 14. Nd2 Bxe2 15. Rxe2 Qd8 16. Qc2
$16 {Lingnau-Schlingensiepen/GER-CupT/1993}) 10. O-O Nf8 11. Nd2 h6 12. Bxf6 $5
(12. Bh4 Ng6 13. Bg3 e5 14. Re1 $14) 12... Qxf6 13. f4 $14 {()} Bd7 (13... d5
$6 14. c5 b6 15. Rc1 $16) (13... Qe7 14. b4 a5 (14... e5 15. fxe5 dxe5 16. d5
a5 17. Qb3 b6 18. Bh5 g6 19. Bf3 $14) 15. Qb3 axb4 16. axb4 Bd7 17. Bf3 c6 18.
c5 d5 19. e4 $16) 14. Bf3 Qe7 15. b4 Rab8 16. Qc2 c5 $5 17. dxc5 dxc5 18. b5 e5
$2 (18... Nh7 19. Rad1 $5 Nf6 20. Ne4 Nxe4 21. Qxe4 Red8 22. Rd3 Be8 23. Rfd1
b6 24. a4 $16) (18... Red8 {>=} 19. a4 Be8 20. Rad1 f6 $14) 19. f5 $1 $16 Qg5 (
19... Nh7 20. Bd5 (20. Rae1 Nf6 {/\e4}) 20... Nf6 21. Ne4 Nxd5 22. cxd5 Bxb5
23. f6 Qd8 (23... Qc7 $6 24. fxg7 Bxf1 25. Nf6+ Kxg7 26. Qh7+ $16) 24. Rf3 $40)
20. Bd5 $1 e4 (20... Qxe3+ 21. Kh1 Nh7 22. Ne4 {/\Rf3+-} Ng5 23. Rae1 Qxa3 24.
Nd6 Rf8 (24... Re7 25. f6 $18) 25. Rxe5 $16) 21. Nxe4 Qxe3+ 22. Kh1 Nh7 23.
Rae1 $1 Qxa3 (23... Qd4 24. Rd1 Qe5 25. Bxf7+ Kxf7 26. Rxd7+ $18) 24. f6 $18
Be6 (24... gxf6 25. Nxf6+ Nxf6 26. Qg6+ $18) (24... g6 25. Nd6 $18) 25. fxg7
Qa5 (25... Kxg7 26. Nd6 Rf8 27. Nxf7 Bxd5 28. cxd5 $18) (25... Bxd5 26. cxd5
Rbd8 (26... Kxg7 27. Rxf7+ $1 Kxf7 28. Nd6+ Kf8 29. Qf5+ $18) 27. Qf2 Rd7 28.
Nf6+ Nxf6 29. Qxf6 $18) 26. Nd6 Re7 27. Nxf7 Rbe8 28. Qg6 1-0